000 00724nam a2200229 a 4500
001 000002679
003 DO-SdBNP
005 20240305082246.0
007 ta
008 090703s2016 dr ac 000 0 spa d
040 _aDO-SdBNP
_bspa
_cBNPHU
082 _axxx
_bT269P
100 1 _aPimentel Muñoz, José,
_d1949-
_98443
245 1 0 _aTelésforo A. Isaac :
_bvivencias de un pastor epíscopal /anglicano. /
_cJosé Pimentel Muñoz
260 _aSanto Domingo :
_bJosé Pimentel Muñoz ,
_c2016.
300 _a157 p. :
_bil., retrs. ;
_c24 cm.
590 _aInventariado, 2022 / DG
600 1 4 _aHAZIM AZAR, JOSÉ,
_d1913-
_98444
700 1 _aPérez Memén, Fernando,
_d1943-
_938744
910 _aDG
942 _2ddc
_cLBS1
999 _c52790
_d52790